| 000 | 00735nam a22002172 4500 | ||
|---|---|---|---|
| 001 | 0000005115 | ||
| 005 | 20151217151953.0 | ||
| 008 | 070606s xx 000 0 eng d | ||
| 020 |
_a0415139759 : _cKES 3,980 |
||
| 040 |
_aKABU _cKABU |
||
| 050 | 0 |
_aHF5382.5 _b.G7R48 |
|
| 245 | 1 | 0 |
_aRethinking careers education and guidance : _btheory, policy and practice / _cA. G. Watts ... [et al.] |
| 260 |
_aLondon : _bRoutledge, _c1996. |
||
| 300 | _axii, 403 p. | ||
| 650 | 0 |
_aCareer development _zGreat Britain. _@0000156215 |
|
| 650 | 0 |
_aCareer education _xGovernment policy _zGreat Britain. _@0000156216 |
|
| 700 | 1 |
_aWatts, A. G. _@0000156217 |
|
| 908 | _a070606 | ||
| 950 | _@1 | ||
| 999 |
_c6857 _d6857 |
||